| 000 | 00420nam a2200157 a 4500 | ||
|---|---|---|---|
| 001 | 3476 | ||
| 003 | CDMR | ||
| 005 | 20130805115242.0 | ||
| 008 | 130130s2010||||||||||||||||||||||||||||d | ||
| 020 | _a9788484453215 | ||
| 040 |
_aCDMR _bcat _cCPC LLEIDA |
||
| 100 | 1 |
_92498 _aJauset Berrocal, Jordi A. |
|
| 245 | 1 | 0 |
_aSonido, música y espiritualidad _cJordi A. JAUSET BERROCAL |
| 260 |
_aMadrid _c2010 _bGaia |
||
| 942 |
_cMON _2udc |
||
| 999 |
_c3476 _d3476 |
||